000 00717nam a2200217 a 4500
999 _c9148
_d9148
001 9148
003 BD-JhCC
005 20180310100157.0
008 171030s1992 bg |||| |||| 000 0 ben d
035 _a(BD-JhCC)9148
040 _aBD-JhCC
_dBD-JhCC
041 _aben
082 _a320.5
_bCHO 1992
100 _aচৌধুরী, আবদুল গাফ্ফার
245 _aতৃতীয় মত /
_cআবদুল গাফ্ফার চৌধুরী
260 _aঢাকা :
_bনওরোজ সাহিত্য সংসদ,
_c১৯৯২.
300 _a৭৯ পৃ. :
_c২২ সেমি.
650 _aPolitice and Government
942 _2ddc
_cBK